Pituaḥ ha-maʻamad ha-ḳehilati shel ha-sifriyot ha-tsiburiyot be-Yiśraʼel.

Saved in:
Bibliographic Details
Corporate Authors: Israel. Miśrad ha-madaʻ, ha-tarbut ṿeha-sporṭ. Maḥlaḳah le-sifriyot., ʻAmutat Tsaʻat eti., Durub, makhon le-fituaḥ manhigut u-tsemiḥah ḥevratit.
Other Authors: Mansur, Rimonah., Abu Seluḳ, Seliman.
Format: Book
Language:Hebrew
Published: Yerushalayim : ha-Maḥlaḳah le-sifriyot be-Miśrad ha-madaʻ, ha-tarbut ṿeha-sporṭ : ʻAmutat Tsaʻat eti : Durub, makhon le-fituaḥ manhigut u-tsemiḥah ḥevratit, 2007.
Subjects:
Tags: Add Tag
No Tags, Be the first to tag this record!
LEADER 01439nam a22003137a 4500
001 012663473-4
005 20110322142056.0
008 110102s2007 is 000 0 heb d
035 0 |a ocn698956411 
035 |a (IsJeAIW)wb20119020764 
040 |a IsJeAIW  |c IsJeAIW 
245 0 0 |6 880-01  |a Pituaḥ ha-maʻamad ha-ḳehilati shel ha-sifriyot ha-tsiburiyot be-Yiśraʼel. 
246 3 |a Taḳrir anshaṭah wa-faʻaliyat 
260 |a Yerushalayim :  |b ha-Maḥlaḳah le-sifriyot be-Miśrad ha-madaʻ, ha-tarbut ṿeha-sporṭ :  |b ʻAmutat Tsaʻat eti :  |b Durub, makhon le-fituaḥ manhigut u-tsemiḥah ḥevratit,  |c 2007. 
300 |a 95, 99 p. ;  |c 21 cm. 
546 |a Hebrew and Arabic. 
650 0 |a Public libraries  |z Israel. 
650 0 |a Libraries and community  |z Israel. 
700 1 |a Mansur, Rimonah. 
700 1 |a Abu Seluḳ, Seliman. 
710 1 |a Israel.  |b Miśrad ha-madaʻ, ha-tarbut ṿeha-sporṭ.  |b Maḥlaḳah le-sifriyot. 
710 2 |a ʻAmutat Tsaʻat eti. 
710 2 |a Durub, makhon le-fituaḥ manhigut u-tsemiḥah ḥevratit. 
752 |a Israel  |d Jerusalem. 
880 0 0 |6 245-01  |a פיתוח המעמד הקהילתי של הספריות הציבוריות בישראל :  |b דו״ח פעילות 2006־2004 /  |c עריכה והפקה רימונדה מנסור ; תרגום (ערבית/עברית) סלימאן אבו סעלוק. 
899 |a 415_560064 
988 |a 20110125 
098 0 6 |a Heb 43701.217 
906 |0 VEN